Southeastern Served Train Stations - Statistics

General Stats
  • This quiz has been taken 116 times
    67 since last reset
  • The average score is 63 of 179
Answer Stats
Station % Correct
London Bridge
79%
Abbey Wood
75%
Dartford
73%
London Victoria
73%
Charing
71%
Sevenoaks
67%
Bromley South
62%
Lewisham
62%
London Cannon Street
62%
Orpington
62%
Ashford International
60%
Brixton
60%
Dover Priory
58%
Margate
58%
Ramsgate
58%
Waterloo East
58%
London Charing Cross
56%
London St Pancras International
56%
Sidcup
56%
Tonbridge
56%
Ebbsfleet International
54%
Hastings
54%
Tunbridge Wells
54%
Beckenham Junction
52%
Bexley
52%
Bromley North
52%
Gillingham
52%
Greenwich
52%
New Cross
52%
Peckham Rye
52%
Rochester
52%
Sandwich
52%
Bexleyheath
50%
Elephant & Castle
50%
London Blackfriars
50%
Stratford International
50%
Strood
50%
Canterbury East
48%
Canterbury West
48%
Chatham
48%
Denmark Hill
48%
Eltham
48%
Gravesend
48%
Swanley
48%
Woolwich Arsenal
48%
Deptford
46%
Faversham
46%
Catford Bridge
44%
Erith
44%
Hayes
44%
Hither Green
44%
Maidstone East
44%
Rainham
44%
St Johns
44%
Deal
42%
Folkestone Central
42%
Herne Hill
42%
New Eltham
42%
St Mary Cray
42%
Charlton
40%
Chislehurst
40%
Lee
40%
Maidstone West
40%
Whitstable
40%
Broadstairs
38%
Folkestone West
38%
Herne Bay
38%
Meopham
38%
Penge East
38%
Petts Wood
38%
Shortlands
38%
Sittingbourne
38%
Slade Green
38%
Elmers End
37%
Mottingham
37%
Clock House
35%
Greenhithe for Bluewater
35%
Grove Park
35%
Northfleet
35%
Nunhead
35%
Woolwich Dockyard
35%
Bickley
33%
Crayford
33%
Higham
33%
Ladywell
33%
Maze Hill
33%
Otford
33%
Plumstead
33%
St Leonards Warrior Square
33%
Sydenham Hill
33%
Kent House
31%
Knockholt
31%
Maidstone Barracks
31%
Paddock Wood
31%
Sheerness-on-Sea
31%
Sole Street
31%
West Wickham
31%
Blackheath
29%
Elmstead Woods
29%
Selling
29%
West Dulwich
29%
Aylesham
27%
Battle
27%
Belvedere
27%
Chartham
27%
Chelsfield
27%
Chilham
27%
Pluckley
27%
Sundridge Park
27%
Swanscombe
27%
Teynham
27%
Walmer
27%
Wye
27%
Albany Park
25%
Barnehurst
25%
East Malling
25%
Eden Park
25%
Falconwood
25%
Hildenborough
25%
Kidbrooke
25%
Lower Sydenham
25%
New Beckenham
25%
Ore
25%
Sandling
25%
Staplehurst
25%
Stone Crossing
25%
Sturry
25%
Swale
25%
Thanet Parkway
25%
Welling
25%
West Malling
25%
West St Leonards
25%
Bellingham
23%
Birchington-on-Sea
23%
Crofton Park
23%
Dunton Green
23%
Farningham Road
23%
Headcorn
23%
High Brooms
23%
Marden
23%
Martin Mill
23%
Westcombe Park
23%
Westenhanger
23%
Adisham
21%
Dumpton Park
21%
Hollingbourne
21%
Kearsney
21%
Kemsley
21%
Lenham
21%
Loughborough Junction
21%
Newington
21%
Wadhurst
21%
Westgate-on-Sea
21%
Chestfield & Swalecliffe
19%
Kemsing
19%
Longfield
19%
Minster
19%
Robertsbridge
19%
Shepherds Well
19%
Snodland
19%
Etchingham
17%
Queensborough
17%
Snowdown
17%
Aylesford
15%
Bearsted
15%
Bekesbourne
15%
Crowhurst
15%
Cuxton
15%
Frant
15%
Harrietsham
15%
Barming
13%
Beltring
13%
East Farleigh
13%
New Hythe
13%
Stonegate
13%
Wateringbury
13%
Yalding
13%
Borough Green & Wrotham
12%
Halling
12%
No matching quizzes found
Score Distribution
Percent of People with Each Score
Percentile by Number Answered
Your Score History
You have not taken this quiz since the last reset